<?xml version="1.0" encoding="UTF-8"?><?xml-stylesheet type="text/xsl" href="static/style.xsl"?><OAI-PMH xmlns="http://www.openarchives.org/OAI/2.0/" xmlns:xsi="http://www.w3.org/2001/XMLSchema-instance" xsi:schemaLocation="http://www.openarchives.org/OAI/2.0/ http://www.openarchives.org/OAI/2.0/OAI-PMH.xsd"><responseDate>2026-04-13T14:19:20Z</responseDate><request verb="GetRecord" identifier="oai:www.recercat.cat:11351/12031" metadataPrefix="marc">https://recercat.cat/oai/request</request><GetRecord><record><header><identifier>oai:recercat.cat:11351/12031</identifier><datestamp>2024-10-31T15:17:56Z</datestamp><setSpec>com_2072_378070</setSpec><setSpec>com_2072_378040</setSpec><setSpec>col_2072_378092</setSpec></header><metadata><record xmlns="http://www.loc.gov/MARC21/slim" xmlns:dcterms="http://purl.org/dc/terms/" xmlns:xsi="http://www.w3.org/2001/XMLSchema-instance" xmlns:doc="http://www.lyncode.com/xoai" xsi:schemaLocation="http://www.loc.gov/MARC21/slim http://www.loc.gov/standards/marcxml/schema/MARC21slim.xsd">
   <leader>00925njm 22002777a 4500</leader>
   <datafield ind2=" " ind1=" " tag="042">
      <subfield code="a">dc</subfield>
   </datafield>
   <datafield ind2=" " ind1=" " tag="720">
      <subfield code="a">Pizzo, Elena</subfield>
      <subfield code="e">author</subfield>
   </datafield>
   <datafield ind2=" " ind1=" " tag="720">
      <subfield code="a">SAYGIN AVŞAR, TUBA</subfield>
      <subfield code="e">author</subfield>
   </datafield>
   <datafield ind2=" " ind1=" " tag="720">
      <subfield code="a">Gonzalez-Abraldes, Juan</subfield>
      <subfield code="e">author</subfield>
   </datafield>
   <datafield ind2=" " ind1=" " tag="720">
      <subfield code="a">Tsochatzis, Emmanuel</subfield>
      <subfield code="e">author</subfield>
   </datafield>
   <datafield ind2=" " ind1=" " tag="720">
      <subfield code="a">Genesca, Joan</subfield>
      <subfield code="e">author</subfield>
   </datafield>
   <datafield ind2=" " ind1=" " tag="260">
      <subfield code="c">2024-10-08T06:09:01Z</subfield>
   </datafield>
   <datafield ind2=" " ind1=" " tag="260">
      <subfield code="c">2024-10-08T06:09:01Z</subfield>
   </datafield>
   <datafield ind2=" " ind1=" " tag="260">
      <subfield code="c">2024-10</subfield>
   </datafield>
   <datafield ind2=" " ind1=" " tag="520">
      <subfield code="a">Economic Evaluation; Platelets; Portal Hypertension</subfield>
   </datafield>
   <datafield ind2=" " ind1=" " tag="520">
      <subfield code="a">Evaluación económica; Plaquetas; Hipertensión portal</subfield>
   </datafield>
   <datafield ind2=" " ind1=" " tag="520">
      <subfield code="a">Avaluació Econòmica; plaquetes; Hipertensió portal</subfield>
   </datafield>
   <datafield ind2=" " ind1=" " tag="520">
      <subfield code="a">Background &amp; Aims&#xd;
Although upper gastrointestinal endoscopy (EGD) remains the gold standard for detecting varices in cirrhosis, the Baveno VI criteria proposed a combination of transient elastography and platelet count that could rule out high-risk varices, therefore sparing the need for an endoscopy, with significant potential cost savings. We performed a cost-effectiveness analysis of the Baveno VI criteria compared with EGD in the diagnosis of high-risk varices in cirrhosis.&#xd;
Methods&#xd;
We built an analytical decision model to estimate the cost and benefits of using the Baveno VI criteria compared with EGD in patients with Child-Pugh A cirrhosis. The analysis was performed from the UK National Health Service perspective, over 1, 5, and 20 years. A Markov model was populated with data from published evidence. Outcomes were measured in terms of quality-adjusted life years (QALYs) and avoided deaths. The analyses were repeated for Canada and Spain, using relevant cost inputs.&#xd;
Results&#xd;
The Baveno VI criteria were cost effective compared with endoscopy in all analyses. For 1000 patients, they produced 0.16 additional QALYs at an incremental cost of £326 ($443.41) over 5 years, resulting in an incremental cost of £2081 ($2830) per additional QALY gained. The incremental net monetary benefit of Baveno VI compared with EGD was £2808 ($3819) over 5 years per patient. Baveno VI criteria also were cost effective in Canada and Spain. Deterministic and probabilistic sensitivity analysis supported these findings.&#xd;
Conclusions&#xd;
The findings demonstrate that the Baveno VI criteria are cost effective, suggesting that they should be considered for widespread implementation on the basis of safety, appropriateness, and economic grounds.</subfield>
   </datafield>
   <datafield ind2=" " ind1=" " tag="520">
      <subfield code="a">Elena Pizzo and Tuba Saygın Avşar were supported by the National Institute for Health and Care Research Applied Research Collaboration North Thames. Joan Genesca was supported in part by the Instituto de Salud Carlos III and cofunded by the European Union (ERDF/ESF, “Investing in your future”).</subfield>
   </datafield>
   <datafield ind1="8" ind2=" " tag="024">
      <subfield code="a">http://hdl.handle.net/11351/12031</subfield>
   </datafield>
   <datafield tag="653" ind2=" " ind1=" ">
      <subfield code="a">Esòfag - Malalties - Diagnòstic</subfield>
   </datafield>
   <datafield tag="653" ind2=" " ind1=" ">
      <subfield code="a">Cost-eficàcia</subfield>
   </datafield>
   <datafield tag="653" ind2=" " ind1=" ">
      <subfield code="a">Cirrosi hepàtica</subfield>
   </datafield>
   <datafield tag="653" ind2=" " ind1=" ">
      <subfield code="a">Plaquetes sanguínies</subfield>
   </datafield>
   <datafield tag="653" ind2=" " ind1=" ">
      <subfield code="a">DISEASES::Digestive System Diseases::Gastrointestinal Diseases::Esophageal Diseases::Esophageal and Gastric Varices</subfield>
   </datafield>
   <datafield tag="653" ind2=" " ind1=" ">
      <subfield code="a">Other subheadings::Other subheadings::/diagnosis</subfield>
   </datafield>
   <datafield tag="653" ind2=" " ind1=" ">
      <subfield code="a">DISEASES::Digestive System Diseases::Liver Diseases::Liver Cirrhosis</subfield>
   </datafield>
   <datafield tag="653" ind2=" " ind1=" ">
      <subfield code="a">HEALTH CARE::Health Care Economics and Organizations::Economics::Costs and Cost Analysis::Cost-Benefit Analysis</subfield>
   </datafield>
   <datafield tag="653" ind2=" " ind1=" ">
      <subfield code="a">ANALYTICAL, DIAGNOSTIC AND THERAPEUTIC TECHNIQUES, AND EQUIPMENT::Diagnosis::Diagnostic Techniques and Procedures::Clinical Laboratory Techniques::Cytological Techniques::Cell Count::Blood Cell Count::Platelet Count</subfield>
   </datafield>
   <datafield tag="653" ind2=" " ind1=" ">
      <subfield code="a">ENFERMEDADES::enfermedades del sistema digestivo::enfermedades gastrointestinales::enfermedades del esófago::varices esofágicas y gástricas</subfield>
   </datafield>
   <datafield tag="653" ind2=" " ind1=" ">
      <subfield code="a">Otros calificadores::Otros calificadores::/diagnóstico</subfield>
   </datafield>
   <datafield tag="653" ind2=" " ind1=" ">
      <subfield code="a">ENFERMEDADES::enfermedades del sistema digestivo::enfermedades hepáticas::cirrosis hepática</subfield>
   </datafield>
   <datafield tag="653" ind2=" " ind1=" ">
      <subfield code="a">ATENCIÓN DE SALUD::economía y organizaciones para la atención de la salud::economía::costes y análisis de costes::análisis coste-beneficio</subfield>
   </datafield>
   <datafield tag="653" ind2=" " ind1=" ">
      <subfield code="a">TÉCNICAS Y EQUIPOS ANALÍTICOS, DIAGNÓSTICOS Y TERAPÉUTICOS::diagnóstico::técnicas y procedimientos diagnósticos::técnicas de laboratorio clínico::técnicas citológicas::recuento de células::recuento de células sanguíneas::recuento de plaquetas</subfield>
   </datafield>
   <datafield ind2="0" ind1="0" tag="245">
      <subfield code="a">Cost-Effectiveness of the Baveno VI Criteria Compared With Endoscopy for High-Risk Varices in Patients With Child-Pugh A Cirrhosis</subfield>
   </datafield>
</record></metadata></record></GetRecord></OAI-PMH>